[Event "Canadian op U2200"]
[Site "Sault Ste Marie"]
[Date "2017.07.12"]
[Round "4"]
[White "Wu, Chenxi"]
[Black "Ning, Eric"]
[Result "0-1"]
[WhiteElo "1904"]
[BlackElo "1922"]
[PlyCount "44"]
[EventDate "2017.07.11"]
[EventType "swiss"]
[EventRounds "9"]
[EventCountry "CAN"]
[SourceTitle "EXT 2022"]
[Source "ChessBase"]
[SourceDate "2021.10.06"]
[SourceVersion "1"]
[SourceVersionDate "2021.10.06"]
[SourceQuality "1"]

1. e4 c5 2. Nf3 Nc6 3. d4 cxd4 4. Nxd4 g6 5. Nc3 Bg7 6. Be3 Nf6 7. Bc4 Qa5 8. Nb3 Qb4 9. Bd3 Nxe4 10. 0-0 Nxc3 11. bxc3 Qd6 12. Qe2 b6 13. f4 0-0 14. h4 Bb7 15. h5 e6 16. Qg4 Ne7 17. Rad1 Qc7 18. h6 Bxh6 19. Qh4 Nd5 20. Qxh6 Nxe3 21. f5 Qg3 22. Rd2 Bxg2 0-1